000 00303nam a2200133 4500
999 _c510624
_d510624
008 190827b ||||| |||| 00| 0 eng d
100 _aElangovan, R.
_98916
245 _aYoga for lifestyle changes
260 _c2019
300 _ap.20-22.
773 _aYojana
906 _aYoga
942 _2ddc
_cAR